000
00219 a2200097 4500
001
57380
100
_a
245
_a
Organizational Behaviour
260
_a
Singapore
_b
Mcgraw Hill
_c
1995
090
_c
35140
_d
35140
942
_a
NUST-CAE
_c
MONOGRAPH
_c
27937
999
_c
292453
_d
292453